Vainqueur d'étape Tour de France 2025 - Statistiques

Statistiques générales
  • Ce quiz a été pris 275 fois
    173 depuis la dernière actualisation
  • Le résultat moyen est 18 sur 21
Statistiques - réponses
Etape Vainqueur Equipe % Correct
4. Amiens Métropole > Rouen Tadej Pogacar UAE TEAM EMIRATES XRG
99%
7. Saint-Malo > Mûr-de-Bretagne Guerlédan Tadej Pogacar UAE TEAM EMIRATES XRG
99%
12. Auch > Hautacam Tadej Pogacar UAE TEAM EMIRATES XRG
99%
13. Loudenvielle > Peyragudes Tadej Pogacar UAE TEAM EMIRATES XRG
99%
21. Mantes-la-Ville > Paris Champs-Élysées Wout Van aert TEAM VISMA | LEASE A BIKE
96%
1. Lille Métropole > Lille Métropole Jasper Philipsen ALPECIN-DECEUNINCK
93%
2. Lauwin-Planque > Boulogne-sur-Mer Mathieu Van der poel ALPECIN-DECEUNINCK
91%
16. Montpellier > Mont Ventoux Valentin Paret-Peintre SOUDAL QUICK-STEP
90%
5. Caen > Caen Remco Evenepoel SOUDAL QUICK-STEP
89%
6. Bayeux > Vire Normandie Ben Healy EF EDUCATION - EASYPOST
88%
10. Ennezat > Le Mont-Dore Puy de Sancy Simon Yates TEAM VISMA | LEASE A BIKE
88%
8. Saint-Méen-le-Grand > Laval Espace Mayenne Jonathan Milan LIDL-TREK
86%
17. Bollène > Valence Jonathan Milan LIDL-TREK
86%
18. Vif > Courchevel Col de la Loze Ben O'connor TEAM JAYCO ALULA
83%
3. Valenciennes > Dunkerque Tim Merlier SOUDAL QUICK-STEP
83%
9. Chinon > Châteauroux Tim Merlier SOUDAL QUICK-STEP
83%
15. Muret > Carcassonne Tim Wellens UAE TEAM EMIRATES XRG
81%
14. Pau > Luchon-Superbagnères Thymen Arensman INEOS GRENADIERS
78%
19. Albertville > La Plagne Thymen Arensman INEOS GRENADIERS
78%
11. Toulouse > Toulouse Jonas Abrahamsen UNO-X MOBILITY
76%
20. Nantua > Pontarlier Kaden Groves ALPECIN-DECEUNINCK
69%
Aucun quiz correspondant
Distribution des résultats
% des personnes avec chaque résultat
Percentile par nombre de réponses
Votre historique - résultats
Vous n’avez pas pris ce quiz depuis la dernière actualisation